Welcome to CU Library Online Public Access Catalogue (OPAC)

THE JPS TORAH COMMENTARY GENSIS; (Record no. 6766)

MARC details
000 -LEADER
fixed length control field 00623cam a22001933 4500
001 - CONTROL NUMBER
control field FRBNF389298310000000
003 - CONTROL NUMBER IDENTIFIER
control field http://catalogue.bnf.fr/ark:/12148/cb389298313
005 - DATE AND TIME OF LATEST TRANSACTION
control field 20250628134001.0
008 - FIXED-LENGTH DATA ELEMENTS--GENERAL INFORMATION
fixed length control field gv
020 ## - INTERNATIONAL STANDARD BOOK NUMBER
International Standard Book Number 0827603266
050 ## - LIBRARY OF CONGRESS CALL NUMBER
Classification number BS1235
Item number .3 SAR
100 ## - MAIN ENTRY--PERSONAL NAME
Personal name SARNA M. NAHUM
245 ## - TITLE STATEMENT
Title THE JPS TORAH COMMENTARY GENSIS;
Remainder of title THE TRADITIONAL HEBREW TEXT WITH THE NEW JPS TRANSLATION
260 ## - PUBLICATION, DISTRIBUTION, ETC.
Place of publication, distribution, etc. NEW YORK
Name of publisher, distributor, etc. THE JEWISH PUBLICATION SOCIETY
Date of publication, distribution, etc. c1989
300 ## - PHYSICAL DESCRIPTION
Extent xxix, 414p
500 10 - GENERAL NOTE
Materials specified 12008298
General note Bible
700 ## - ADDED ENTRY--PERSONAL NAME
Materials specified 12096931
Arranged statement for music ISNI0000000108911675
Personal name Sarna
Numeration Nahum Mattathias
Date of a work 1923-2005
Relationship 070
942 ## - ADDED ENTRY ELEMENTS (KOHA)
Source of classification or shelving scheme Library of Congress Classification
Koha item type Books
Suppress in OPAC No
999 ## -
-- 6766
-- 6766
Holdings
Withdrawn status Lost status Source of classification or shelving scheme Damaged status Not for loan Collection Home library Current library Shelving location Date acquired Total checkouts Full call number Barcode Date last seen Copy number Price effective from Koha item type
    Library of Congress Classification     Non-fiction Undergraduate Library (Christ Temple) Undergraduate Library (Christ Temple) General stacks 06/28/2025   BS1235.3 SAR ULCT00003622 06/28/2025 1 06/07/2025 Books
© 2023-2024 Copyright: Central University Libraries. All Rights Reserved | Created by: Mahone Tech Office